Pays aux lettres triples ou plus - Statistiques

Statistiques générales
  • Ce quiz a été pris 165 fois
    122 depuis la dernière actualisation
  • Le résultat moyen est 27 sur 42
Statistiques - réponses
Pays % Correct
Canada
86%
République Démocratique du Congo
84%
République du Congo
80%
Afghanistan
78%
Nouvelle-Zélande
75%
Saint-Vincent-et-les-Grenadines
74%
Panama
73%
Afrique du Sud
72%
Arabie Saoudite
72%
Kazakhstan
72%
Madagascar
72%
Papouasie-Nouvelle-Guinée
72%
Venezuela
72%
Philippines
68%
République Dominicaine
68%
République Centrafricaine
67%
Saint-Christophe-et-Niévès
67%
Azerbaïdjan
66%
Kirghizistan
66%
Uruguay
66%
Paraguay
65%
Antigua-et-Barbuda
63%
Guinée Équatoriale
63%
Guatemala
61%
Soudan du Sud
61%
Émirats Arabes Unis
60%
République Tchèque
59%
Bahamas
58%
Liechtenstein
58%
Nicaragua
58%
Trinité-et-Tobago
57%
États Fédérés de Micronésie
56%
Îles Marshall
55%
Kiribati
55%
Sao Tomé-et-Principe
55%
Bosnie-Herzégovine
52%
Macédoine du Nord
52%
Seychelles
50%
Kosovo
47%
Érythrée
45%
Suisse
45%
Sierra Leone
38%
Aucun quiz correspondant
Distribution des résultats
% des personnes avec chaque résultat
Percentile par nombre de réponses
Votre historique - résultats
Vous n’avez pas pris ce quiz depuis la dernière actualisation